00861nam a2200217 a 450000100100000000500170001000800410002702000150006804000250008308200140010811100450012224501800016726000360034730000280038370000350041170000280044670000310047404900090050595201120051499900170062600002514120200930023602.0110208s1995 cu a r 000 | spa d a9590101623 aDO-SdBNPbspacBNPHU axxxbC9691 aCumbre de pueblosd(1995 :cCuba)95154710aCumbre de pueblos :bencuentro mundial de solidaridad con Cuba, 21-25 de noviembre, 1994 /cVíctor Pérez-Galdós; edición Iraida Aguirrechu, Nora Madan y Blanca Zabala. aLa Habana :bPolítica,c1995. a208 p. :bil. ;c21 cm.1 aAguirrechu, Iraidaeed.9515481 aMadan, Noraeed.9227421 aZabala, Blancaeed.951549 aBNGR 001050718MOaGRbGRcCTd2011-02-10iLF1l0oxxx C969p25141-10r2020-06-25w2020-06-25y1ZNo se presta c24634d24634